Kargil to Balakot: The Tumultuous Journey of Indian air power (Record no. 511707)

000 -LEADER
fixed length control field 00492nam a2200157 4500
008 - FIXED-LENGTH DATA ELEMENTS--GENERAL INFORMATION
fixed length control field 191004b ||||| |||| 00| 0 eng d
100 ## - MAIN ENTRY--PERSONAL NAME
Personal name Khera, Kishore Kumar
245 ## - TITLE STATEMENT
Title Kargil to Balakot: The Tumultuous Journey of Indian air power
260 ## - PUBLICATION, DISTRIBUTION, ETC. (IMPRINT)
Name of publisher, distributor, etc Journal of Defence Studies
300 ## - PHYSICAL DESCRIPTION
Extent 13(3), Jul-Sep, 2019: p.87-113.
650 ## - SUBJECT ADDED ENTRY--TOPICAL TERM
Topical term or geographic name as entry element Kargil conflict
9 (RLIN) 11873
650 ## - SUBJECT ADDED ENTRY--TOPICAL TERM
Topical term or geographic name as entry element Air warfare
9 (RLIN) 11874
773 ## - HOST ITEM ENTRY
Main entry heading Journal of Defence Studies
906 ## - LOCAL DATA ELEMENT F, LDF (RLIN)
Subject DIP Kargil war
942 ## - ADDED ENTRY ELEMENTS (KOHA)
Source of classification or shelving scheme
Item type Articles
Holdings
Withdrawn status Lost status Source of classification or shelving scheme Damaged status Not for loan Permanent location Current location Date acquired Serial Enumeration / chronology Barcode Date last seen Koha item type
          Indian Institute of Public Administration Indian Institute of Public Administration 2019-10-04 13(3), Jul-Sep, 2019: p.87-113. AR121223 2019-10-04 Articles

Powered by Koha